| 000 | 01037nam2a2200241 4500 | ||
|---|---|---|---|
| 001 | rc\2935545 | ||
| 005 | 20260315055432.0 | ||
| 035 | _a(NLR Aleph) 007084687 | ||
| 090 |
_a13598389 _c13598389 |
||
| 100 | _a20110822d1937 u y0rusy50 ca | ||
| 101 | 0 | _arus | |
| 102 | _aRU | ||
| 105 | _ay z ||||| | ||
| 200 | 0 | _aТ. 2 | |
| 210 | _d1937 | ||
| 215 | _aОбл., 176, 3 с. | ||
| 300 | _aБез тит. л. | ||
| 461 | 0 |
_1001rc\2935544 _12001#$aИнструкция по составлению техпромфинплана в металлургии$fОбщ. ред. М.Г. Рейслер$gНКТП-СССР. Центр. науч.-исслед. ин-т орг. производства ЦИО$vТ. 2 _96512440 _cМосква _d1937 _fОбщ. ред. М.Г. Рейслер _nРед.-изд. бюро ЦИО _tИнструкция по составлению техпромфинплана в металлургии _vТ. 2 |
|
| 801 | 0 |
_aRU _bNLR _gpsbo |
|
| 801 | 1 |
_aRU _bELAR _2rusmarc |
|
| 852 |
_aNLR _j37-20/6(2) |
||
| 942 | _cUNSPEC | ||
| 980 | _aNB | ||